000
00320nam a22001457a 4500
008
230615b ||||| |||| 00| 0 eng d
020
_a
978963259903
041
_a
eng
080
_a
616.31
082
_a
616.31CHA
100
_a
12
101
_a
STO
245
_a
DENTAL COMMUNICATION
_c
CHAMBERS.W.D
942
_2
udc
_c
BK
999
_c
59988
_d
59988